| 000 | 00998nam a22002777a 4500 | ||
|---|---|---|---|
| 999 |
_c5947 _d5947 |
||
| 003 | AR-CdUCM | ||
| 008 | 190313b ||||| |||| 00| 0 spa d | ||
| 040 |
_aMUNICIPALIDAD PROVINCIAL DEL CUSCO _cBIBLIOTECA MUNICIPAL DEL CUSCO |
||
| 082 |
_a869.23 / _bAR797 |
||
| 100 |
_aArzumanian, Ared _917461 |
||
| 245 | _aIdeología revolución y mundo actual / | ||
| 260 |
_aBuenos Aires : _bArandú, _c1965. |
||
| 300 |
_a186 Páginas ; _c18 cm. |
||
| 440 |
_aColección foro polémico _n 1 _917462 |
||
| 500 | _aDonación familia Nieto | ||
| 505 | _aContenido: Un siglo de aceleración del progreso histórico -- La sociedad futura y el proceso revolucionario -- El imperialismo, freno a la revolución de la humanidad... | ||
| 650 |
_aProgreso _96687 |
||
| 650 |
_aPueblos _917463 |
||
| 650 |
_aEstado _9738 |
||
| 650 |
_aCapitalismo _93221 |
||
| 650 |
_aIdeologia _910650 |
||
| 650 |
_aPolitica _9291 |
||
| 700 |
_aSastre, Silvio (Traductor) _917464 |
||
| 942 |
_2ddc _cLIBROS |
||
| 945 | _aJavier | ||